| 000 | 00514nam a2200205Ia 4500 | ||
|---|---|---|---|
| 003 | 0100 | ||
| 008 | 130303s9999 xx 000 0 und d | ||
| 020 | _a521097126 | ||
| 040 | _cARRUPELIB | ||
| 050 | _aHM55.D8583 1972 | ||
| 245 | _aEmile Durkheim | ||
| 245 | _bselected writings | ||
| 260 | _aCambridge | ||
| 260 | _bUniversity Press | ||
| 260 | _C1972 | ||
| 300 | _a272 p. | ||
| 650 | _bKant, Immanuel, 1724-1804--Correspondence | ||
| 700 | _aEdited by Anthony Giddens , Giddens, Anthony | ||
| 942 | 0 | 0 | _01 |
| 999 |
_c13320 _d13320 |
||